000 00744nam a2200169Ia 4500
008 090711s9999 xx 000 0 und d
082 _b1740
100 _aभट विठ्ठलराय
245 _aनोबेल पुरस्कार विजेते भारतरत्न अमर्त्य सेन
260 _c1999
300 _a22
600 _aभट विठ्ठलराय
630 _aनोबेल पुरस्कार विजेते भारतरत्न अमर्त्य सेन
700 _aभट विठ्ठलराय
730 _aनोबेल पुरस्कार विजेते भारतरत्न अमर्त्य सेन
942 _cBOOK
999 _c334618
_d334618